000 01022nam0a2200241 4500
001 RU\NLR\BIBL_A\011004549
005 20250624205929.0
035 _a(NLR Aleph) 011004549
090 _a10986904
_c10986904
100 _a20160302d1562 |||y0rusy50 ca
101 0 _arus
102 _aRU
105 _a|||||||||||||
200 1 _a[Iuste complaincte de l'eglise catholique & romaine sur la confession & protestation des simulez fideles.
_eDirigée aux catholiques enfans de ladicte église.
_fComposée par Iaques le Fevre N. docteur en la faculté de theologie de Sorbonne]
210 _a[À Paris
_cchez Guillaume Guillard
_d1562]
215 _a91 л.
_d8° (17 см)
307 _aГрав. инициал. Заставка
316 _aЭкз. деф.: нет начала кн. с тит. л.; описано по: KVK UBKA. Пергам. пер. Пометы, характер. для б-ки Залуских
_516.104.5.47
852 _aNLR
_j16.104.5.47
942 _cBOOK
980 _aNB
980 _ain16